• 首页
  • 本馆介绍
  • 公告通知
  • 最新文献
  • 馆藏检索
  • 电子资源
  • 读者导购
  • 参考咨询
  • 我的图书馆
  • 登录
  • 详细信息显示
  • 放入我的书架
  • 预约/预借图书
  • 作者相关作品
  • 分类相关作品
  • 丛书相关作品
  • 出版社相关作品

书目信息

  • 表格格式
  • 工作单格式
  • 卡片格式
题名:
高中政治课堂教学的艺术性
    
 
作者: 李军民 著
分册:  
出版信息: 北京   台海出版社  2016
页数: 193页, [4] 页图版
开本: 23cm
丛书名:
单 册:
中图分类: G633.202 , G633.2
科图分类:
主题词: 政治课--课堂教学--教学研究--高中
电子资源:
ISBN: 978-7-5168-1034-7
000 00852nam0 2200229 450
001 2367715743
005 20231206184928.44
010    @a978-7-5168-1034-7@dCNY39.00
100    @a20161126d2016 em y0chiy50 ea
101 0  @achi
102    @aCN@b110000
105    @aaf z 000yy
200 1  @a高中政治课堂教学的艺术性@Agao zhong zheng zhi ke tang jiao xue de yi shu xing@f李军民著
210    @a北京@c台海出版社@d2016
215    @a193页, [4] 页图版@c彩图@d23cm
330    @a本书详细的介绍了高中政治教师应该具备的专业知识和教育理论、能力及必备的师德;经济生活、政治生活、文化生活、生活与哲学必修课的教学重点和难点问题,以及如何拉近政治课堂与学生的距离。
606 0  @a政治课@x课堂教学@x教学研究@x高中
690    @aG633.202@v5
690    @aG633.2@v4
701  0 @a李军民@Ali jun min@4著
801  0 @aCN@b湖北三新@c20161126
905    @aBZT@dG633.2@e1189
    
    高中政治课堂教学的艺术性/李军民著.-北京:台海出版社,2016
    193页, [4] 页图版:彩图;23cm
    
    
    ISBN 978-7-5168-1034-7:CNY39.00
    本书详细的介绍了高中政治教师应该具备的专业知识和教育理论、能力及必备的师德;经济生活、政治生活、文化生活、生活与哲学必修课的教学重点和难点问题,以及如何拉近政治课堂与学生的距离。
●
相关链接 在五车中查询图书 在当当中查询图书 在豆瓣中查询图书


正题名:高中政治课堂教学的艺术性     索取号:G633.2/1189         预约/预借

序号 登录号 条形码 馆藏地/架位号 状态 备注
1 2001401996   2001401996   三新/湖北三新(第三批)/1598/ [索取号:G633.2/1189] 在馆    
2 2001401997   2001401997   三新/湖北三新(第三批)/1598/ [索取号:G633.2/1189] 在馆    
3 2001401998   2001401998   三新/湖北三新(第三批)/1598/ [索取号:G633.2/1189] 在馆    
4 2001401999   2001401999   三新/湖北三新(第三批)/1598/ [索取号:G633.2/1189] 在馆    
5 2001402000   2001402000   三新/湖北三新(第三批)/1598/ [索取号:G633.2/1189] 在馆    
6 2001402001   2001402001   三新/湖北三新(第三批)/1598/ [索取号:G633.2/1189] 在馆    
7 2001402002   2001402002   三新/湖北三新(第三批)/1598/ [索取号:G633.2/1189] 在馆    
8 2001402003   2001402003   三新/湖北三新(第三批)/1598/ [索取号:G633.2/1189] 在馆    
9 2001402004   2001402004   三新/湖北三新(第三批)/1598/ [索取号:G633.2/1189] 在馆    
10 2001402005   2001402005   三新/湖北三新(第三批)/1598/ [索取号:G633.2/1189] 在馆    
11 2001402006   2001402006   三新/湖北三新(第三批)/1598/ [索取号:G633.2/1189] 在馆    
12 2001402007   2001402007   三新/湖北三新(第三批)/1598/ [索取号:G633.2/1189] 在馆    
13 2001402008   2001402008   三新/湖北三新(第三批)/1598/ [索取号:G633.2/1189] 在馆    
14 2001402009   2001402009   三新/湖北三新(第三批)/1598/ [索取号:G633.2/1189] 在馆    
15 2001402010   2001402010   三新/湖北三新(第三批)/1598/ [索取号:G633.2/1189] 在馆    
16 2001402011   2001402011   三新/湖北三新(第三批)/1598/ [索取号:G633.2/1189] 在馆    
17 2001402012   2001402012   三新/湖北三新(第三批)/1598/ [索取号:G633.2/1189] 在馆    
18 2001402013   2001402013   三新/湖北三新(第三批)/1598/ [索取号:G633.2/1189] 在馆    
19 2001402014   2001402014   三新/湖北三新(第三批)/1598/ [索取号:G633.2/1189] 在馆    
20 2001402015   2001402015   三新/湖北三新(第三批)/1598/ [索取号:G633.2/1189] 在馆    
21 2001402016   2001402016   三新/湖北三新(第三批)/1598/ [索取号:G633.2/1189] 在馆    
22 2001402017   2001402017   三新/湖北三新(第三批)/1598/ [索取号:G633.2/1189] 在馆    
23 2001402018   2001402018   三新/湖北三新(第三批)/1598/ [索取号:G633.2/1189] 在馆    
24 2001402019   2001402019   三新/湖北三新(第三批)/1598/ [索取号:G633.2/1189] 在馆    
25 2001402020   2001402020   三新/湖北三新(第三批)/1598/ [索取号:G633.2/1189] 在馆    
26 2001402021   2001402021   三新/湖北三新(第三批)/1598/ [索取号:G633.2/1189] 在馆    
27 2001402022   2001402022   三新/湖北三新(第三批)/1598/ [索取号:G633.2/1189] 在馆    
28 2001402023   2001402023   三新/湖北三新(第三批)/1598/ [索取号:G633.2/1189] 在馆    
29 2001402024   2001402024   三新/湖北三新(第三批)/1598/ [索取号:G633.2/1189] 在馆    
30 2001402025   2001402025   三新/湖北三新(第三批)/1598/ [索取号:G633.2/1189] 在馆    
山东省滨州职业学院图书馆 欢迎您!
大连网信软件有限公司© 版权所有